| 000 | 01001cam a22003255a 4500 | ||
|---|---|---|---|
| 001 | 17256387 | ||
| 005 | 20201128021252.0 | ||
| 008 | 120414s2012 caua frb 001 0 eng d | ||
| 010 | _a2011410922 | ||
| 020 | _a9781449305178 | ||
| 020 | _a1449305172 | ||
| 040 |
_aBTCTA _beng _cBTCTA _dUKMGB _dTXA _dBDX _dYDXCP _dDLC _dEG-ScBUE |
||
| 082 | 0 | 0 |
_a658.4013 _222 _bMAU |
| 100 | 1 |
_aMaurya, Ash. _938071 |
|
| 245 | 1 | 0 |
_aRunning lean : _biterate from plan A to a plan that works / _cAsh Maurya. |
| 250 | _a2nd ed. | ||
| 260 |
_aSebastopol : _bO'Reilly, _c2012. |
||
| 300 |
_axxviii, 207 p. : _bill. ; _c24 cm. |
||
| 490 | 1 | _aThe lean series | |
| 500 | _aIndex : p. 197-207. | ||
| 504 | _aIncludes bibliographical references. | ||
| 650 | 7 |
_aNew business enterprises. _2BUEsh _9239 |
|
| 650 | 7 |
_aEntrepreneurship. _2BUEsh _9240 |
|
| 650 | 7 |
_aBusiness planning. _2BUEsh _93321 |
|
| 651 | _2BUEsh | ||
| 653 |
_bBUSADM _cMay2015 |
||
| 655 |
_vreading book _934232 |
||
| 830 | 0 | _aLean series. | |
| 942 | _2ddc | ||
| 999 |
_c19420 _d19392 |
||